[Event "Nationale I"]
[Site "Bordeaux"]
[Date "2003.04.04"]
[Round "5.6"]
[White "Fressinet, Laurent"]
[Black "Payen, Arnaud"]
[Result "1/2-1/2"]
[WhiteElo "2593"]
[BlackElo "2359"]
[PlyCount "122"]
[EventDate "2003.04.03"]
[Source "Roberto Alvarez"]
[SourceDate "2003.04.07"]

1. e4 e5 2. Nf3 Nc6 3. Bb5 a6 4. Ba4 Nf6 5. O-O Be7 6. Re1 b5 7. Bb3 d6 8. c3 O-O 9. h3 a5 10. a4 b4 11. d4 bxc3 12. bxc3 exd4 13. cxd4 d5 14. Ne5 Ra6 15. exd5 Nxd5 16. Ba3 Bxa3 17. Rxa3 Nxe5 18. dxe5 Bb7 19. Bxd5 Qxd5 20. Qxd5 Bxd5 21. Nc3 Be6 22. Nb5 Rc6 23. Raa1 Rd8 24. Rac1 Rxc1 25. Rxc1 Bb3 26. Rxc7 Bxa4 27. Nd6 Be8 28. Ra7 a4 29. Nxe8 Rxe8 30. Rxa4 h5 31. Ra5 g6 32. Kh2 Kg7 33. Kg3 Re6 34. f4 Rb6 35. Kh4 Rb2 36. g3 Re2 37. Ra6 Re3 38. Ra7 Re1 39. Kg5 Re3 40. Kh4 Re1 41. Rc7 Re3 42. g4 hxg4 43. hxg4 Re2 44. Kg5 Re1 45. Re7 Re2 46. Re8 Re1 47. Kh4 Re4 48. Kg3 Re3+ 49. Kf2 Re4 50. Kf3 Re1 51. f5 gxf5 52. gxf5 Kh6 53. Kf4 Rf1+ 54. Ke4 Re1+ 55. Kd5 Kg5 56. f6 Rd1+ 57. Kc6 Kf5 58. Re7 Rd2 59. Kc7 Rd5 60. Rxf7 Kxe5 61. Rf8 Ke6 1/2-1/2

[Event "URS Ch otbor56"]
[Site "Blagoveshchensk"]
[Date "1988.??.??"]
[Round "?"]
[White "Kovalev, Andrei"]
[Black "Kupreichik, Viktor D"]
[Result "1-0"]
[WhiteElo "2440"]
[BlackElo "2510"]
[PlyCount "67"]
[EventDate "1988.08.??"]
[Source "www.chesslib.no"]
[SourceDate "2004.05.04"]

1. e4 e5 2. Nf3 Nc6 3. Bb5 a6 4. Ba4 Nf6 5. O-O Be7 6. Re1 b5 7. Bb3 O-O 8. c3 d6 9. h3 a5 10. a4 b4 11. d4 bxc3 12. Nxc3 Nxd4 13. Nxd4 exd4 14. Qxd4 Rb8 15. Bc4 Rb4 16. b3 Be6 17. Ba3 Nd7 18. Nd5 c5 19. Nxe7+ Qxe7 20. Qc3 Rb7 21. Bb5 Rfb8 22. Re3 Rxb5 23. axb5 Rxb5 24. Bb2 f6 25. Qd2 Nb6 26. Rxa5 Rb4 27. Rd3 Nc8 28. Ra8 Kf7 29. Qe2 Qb7 30. Qh5+ Ke7 31. Rg3 Kf8 32. Qxh7 Rxb3 33. Qh8+ Bg8 34. Rxc8+ 1-0

[Event "Tula (Russia)"]
[Site "?"]
[Date "2003.??.??"]
[Round "7"]
[White "Vasiukov Evgeni"]
[Black "Zaitsev Igor A"]
[Result "1-0"]
[WhiteElo "2514"]
[BlackElo "2413"]
[PlyCount "75"]
[EventDate "2003.??.??"]
[Source "www.chesslib.no"]
[SourceDate "2004.05.04"]

1. e4 e5 2. Nf3 Nc6 3. Bb5 a6 4. Ba4 Nf6 5. O-O Be7 6. Re1 b5 7. Bb3 O-O 8. c3 d6 9. h3 a5 10. d4 a4 11. Bc2 Re8 12. d5 Na5 13. Na3 Bd7 14. Bd3 Qb8 15. Qe2 b4 16. cxb4 Qxb4 17. Nb5 Bxb5 18. Bxb5 Reb8 19. Bd3 Nd7 20. Bd2 Qb7 21. Rab1 Nc5 22. Bc2 Qb5 23. Qd1 Qc4 24. Bc3 Qxa2 25. Ra1 Qc4 26. Nd2 Qa6 27. Bxa4 Nc4 28. b3 Nxd2 29. Qxd2 Qb6 30. Ra3 h6 31. Qc2 Bg5 32. g3 h5 33. h4 Bh6 34. Rd1 Qa6 35. Ra2 Rb6 36. Bxe5 Rb4 37. Bd4 Nxa4 38. Bc3 1-0

[Event "Elekes Memorial"]
[Site "Budapest HUN"]
[Date "1992.??.??"]
[Round "4"]
[White "Fogarasi, Tibor"]
[Black "Petran, Pal"]
[Result "1/2-1/2"]
[WhiteElo "2455"]
[BlackElo "2470"]
[PlyCount "96"]
[EventDate "1992.06.??"]
[Source "www.chesslib.no"]
[SourceDate "2004.05.04"]

1. e4 e5 2. Nf3 Nc6 3. Bb5 a6 4. Ba4 Nf6 5. O-O Be7 6. Re1 b5 7. Bb3 O-O 8. c3 d6 9. h3 a5 10. a4 b4 11. d4 bxc3 12. bxc3 exd4 13. Nxd4 Nxd4 14. cxd4 d5 15. exd5 Bb7 16. Rxe7 Qxe7 17. Ba3 Qd7 18. Bxf8 Rxf8 19. Nc3 Rd8 20. Rc1 h6 21. Qc2 Re8 22. Bc4 Qd6 23. Rb1 Bc8 24. Nb5 Qf4 25. Qc1 Qxc1+ 26. Rxc1 Bd7 27. Nxc7 Rc8 28. Ba6 Rd8 29. Bb5 Bxb5 30. Nxb5 Nxd5 31. Rc6 Nb4 32. Rc7 Re8 33. Ra7 Rd8 34. Rxa5 Nc6 35. Ra6 Nxd4 36. Nc3 Rc8 37. Nd5 Rc1+ 38. Kh2 Rc2 39. Ra8+ Kh7 40. Kg1 Rc1+ 41. Kh2 Rc2 42. a5 Rxf2 43. a6 Ra2 44. Nb4 Ra4 45. Rb8 Ne6 46. Rb6 Nc5 47. Kg3 g5 48. Kf3 h5 1/2-1/2

[Event "Minsk"]
[Site "Minsk"]
[Date "1993.??.??"]
[Round "?"]
[White "Kruppa, Yuri"]
[Black "Zaitsev, Igor A"]
[Result "1/2-1/2"]
[WhiteElo "2475"]
[BlackElo "2450"]
[PlyCount "57"]
[EventDate "1993.03.??"]
[Source "ChessBase"]

1. e4 e5 2. Nf3 Nc6 3. Bb5 a6 4. Ba4 Nf6 5. O-O Be7 6. Re1 b5 7. Bb3 d6 8. c3 O-O 9. h3 a5 10. d3 a4 11. Bc2 Bd7 12. Nbd2 Re8 13. Nf1 Bf8 14. Bg5 h6 15. Bd2 d5 16. exd5 Nxd5 17. a3 Nf6 18. Ng3 Bd6 19. Nh4 Ne7 20. Qf3 Bc6 21. Ne4 Nxe4 22. dxe4 Ng6 23. Nf5 Nh4 24. Qg4 Nxf5 25. exf5 Qf6 26. Be4 Bc5 27. Re2 Rad8 28. Rae1 Bd5 29. Bxd5 1/2-1/2

[Event "MK Cafe Cup Open B"]
[Site "?"]
[Date "1999.08.07"]
[Round "5"]
[White "Galkin Alexander"]
[Black "Gorin Leonid"]
[Result "1-0"]
[WhiteElo "2535"]
[BlackElo "2388"]
[PlyCount "114"]
[EventDate "1999.??.??"]
[Source "www.chesslib.no"]
[SourceDate "2004.05.04"]

1. e4 e5 2. Nf3 Nc6 3. Bb5 a6 4. Ba4 Nf6 5. O-O Be7 6. Re1 b5 7. Bb3 d6 8. c3 O-O 9. h3 a5 10. d3 a4 11. Bc2 Bd7 12. Nbd2 Re8 13. Nf1 h6 14. a3 Bf8 15. Ng3 Na5 16. Nh2 d5 17. exd5 Nxd5 18. Ng4 Bxg4 19. hxg4 c6 20. Qf3 Qd7 21. Ne4 Be7 22. Bd2 Nb7 23. Re2 Bf8 24. Rae1 Re6 25. g5 Nf4 26. Bxf4 exf4 27. d4 Qc7 28. gxh6 Rxh6 29. Ng5 Rd8 30. Bb1 Rd5 31. Re5 Rxe5 32. dxe5 Nc5 33. Ba2 Nb3 34. Qxf4 Qe7 35. Ne4 c5 36. Ng3 Rh4 37. Qf3 Qg5 38. Qd5 c4 39. Bxb3 cxb3 40. Qxb5 Qd2 41. Qe2 Qd5 42. Rd1 Qc6 43. Rd8 Qc7 44. Rd5 Qc6 45. Rd8 Qc7 46. Rd5 Qc6 47. Qd2 Kh7 48. Rd8 Bc5 49. Qg5 Qh6 50. Qf5+ Qg6 51. e6 Qxf5 52. Nxf5 Re4 53. exf7 g6 54. Rc8 gxf5 55. Rxc5 Re7 56. Kh2 Kg7 57. Rxf5 Kf8 1-0

[Event "Alushta UKR"]
[Site "?"]
[Date "2006.05.19"]
[Round "7"]
[White "Zinchenko Yaroslav"]
[Black "Tarlev Konstantin"]
[Result "1/2-1/2"]
[WhiteElo "2499"]
[BlackElo "2419"]
[PlyCount "47"]
[EventDate "2006.??.??"]
[Source "www.chesslib.no"]
[SourceDate "2004.05.04"]

1. e4 e5 2. Nf3 Nc6 3. Bb5 a6 4. Ba4 Nf6 5. O-O Be7 6. Re1 b5 7. Bb3 d6 8. c3 O-O 9. h3 a5 10. d4 a4 11. Bc2 Bb7 12. d5 Na5 13. Na3 c6 14. dxc6 Bxc6 15. Bd3 Nc4 16. Nc2 Bb7 17. Nb4 Qc7 18. Qe2 Rfe8 19. Rb1 d5 20. Nxd5 Nxd5 21. exd5 Bxd5 22. b3 axb3 23. axb3 Nd6 24. Nd2 1/2-1/2

[Event "CSR Ch"]
[Site "Brno CZE"]
[Date "1990.??.??"]
[Round "4"]
[White "Prandstetter, Eduard"]
[Black "Blatny, Pavel"]
[Result "1-0"]
[WhiteElo "2400"]
[BlackElo "2510"]
[PlyCount "111"]
[EventDate "1990.??.??"]
[Source "www.chesslib.no"]
[SourceDate "2004.05.04"]

1. e4 e5 2. Nf3 Nc6 3. Bb5 a6 4. Ba4 Nf6 5. O-O Be7 6. Re1 b5 7. Bb3 O-O 8. c3 d6 9. h3 a5 10. d4 a4 11. Bc2 Bd7 12. Na3 Qb8 13. d5 Na7 14. Bd3 Qb7 15. Nc2 c6 16. dxc6 Nxc6 17. Qe2 Rab8 18. Bd2 Na5 19. Nb4 Rfc8 20. Rad1 Be6 21. Ng5 Bc4 22. f4 Nd7 23. Bc1 h6 24. Nf3 Bf8 25. Kh1 Nc6 26. a3 Na5 27. Bxc4 Nxc4 28. f5 Rd8 29. Nh2 Ndb6 30. Nd5 Nxd5 31. exd5 f6 32. Ng4 Rdc8 33. Qf3 Qf7 34. Nf2 Kh8 35. Ne4 Rd8 36. g4 Nb6 37. Ng3 Rbc8 38. h4 Rc4 39. Re4 Rdc8 40. Rxc4 Rxc4 41. Be3 Nd7 42. Ne4 Be7 43. Rd2 Kg8 44. Kg1 Qf8 45. Kf1 Bd8 46. Rg2 Bb6 47. Bxb6 Nxb6 48. g5 Kh8 49. gxh6 gxh6 50. Qd3 Nd7 51. Rg6 Nc5 52. Qe3 Nxe4 53. Rxh6+ Kg7 54. Qg1+ Kf7 55. Rh7+ Ke8 56. Qa7 1-0

[Event "Copenhagen Open"]
[Site "Copenhagen DEN"]
[Date "1989.??.??"]
[Round "9"]
[White "Horvath, Tamas"]
[Black "Groszpeter, Attila"]
[Result "1/2-1/2"]
[WhiteElo "2405"]
[BlackElo "2500"]
[PlyCount "40"]
[EventDate "1989.06.??"]
[Source "www.chesslib.no"]
[SourceDate "2004.05.04"]

1. e4 e5 2. Nf3 Nc6 3. Bb5 a6 4. Ba4 Nf6 5. O-O Be7 6. Re1 b5 7. Bb3 d6 8. c3 O-O 9. h3 a5 10. d4 a4 11. Bc2 Bd7 12. Be3 exd4 13. cxd4 Nb4 14. Nc3 Nxc2 15. Qxc2 b4 16. Ne2 c5 17. d5 Re8 18. Ng3 Bf8 19. Bg5 h6 20. Bf4 Bb5 1/2-1/2

[Event "HUN Ch"]
[Site "HUN"]
[Date "1989.??.??"]
[Round "?"]
[White "Hazai, Laszlo"]
[Black "Petran, Pal"]
[Result "1/2-1/2"]
[WhiteElo "2460"]
[BlackElo "2440"]
[PlyCount "47"]
[EventDate "1989.05.??"]
[Source "www.chesslib.no"]
[SourceDate "2004.05.04"]

1. e4 e5 2. Nf3 Nc6 3. Bb5 a6 4. Ba4 Nf6 5. O-O Be7 6. Re1 b5 7. Bb3 d6 8. c3 O-O 9. h3 a5 10. d4 a4 11. Bc2 Bd7 12. Nbd2 Re8 13. Nf1 h6 14. Ng3 Bf8 15. Nh2 g6 16. f4 Bg7 17. Nf3 a3 18. b3 exd4 19. cxd4 Nb4 20. Bb1 c5 21. Bd2 Qb6 22. Bxb4 cxb4 23. Qd2 Rac8 24. Bd3 1/2-1/2

[Event "Moscow RUS"]
[Site "?"]
[Date "2000.??.??"]
[Round "6"]
[White "Yagupov Igor"]
[Black "Zaitsev Igor A"]
[Result "1/2-1/2"]
[WhiteElo "2482"]
[BlackElo "2417"]
[PlyCount "46"]
[EventDate "2000.??.??"]
[Source "www.chesslib.no"]
[SourceDate "2004.05.04"]

1. e4 e5 2. Nf3 Nc6 3. Bb5 a6 4. Ba4 Nf6 5. O-O Be7 6. Re1 b5 7. Bb3 O-O 8. c3 d6 9. h3 a5 10. d4 a4 11. Bc2 Bd7 12. Na3 Rb8 13. Bd3 b4 14. Nc4 bxc3 15. dxe5 Nxe5 16. Nfxe5 dxe5 17. bxc3 Bd6 18. Bc2 Bc6 19. Bg5 a3 20. Qf3 h6 21. Bc1 Qe7 22. Ne3 Bd7 23. Bb3 Kh8 1/2-1/2

[Event "Alma-Ata"]
[Site "Alma Ata KAZ"]
[Date "1989.??.??"]
[Round "2"]
[White "Tseshkovsky, Vitaly V"]
[Black "Seredenko, Vladimir"]
[Result "1/2-1/2"]
[WhiteElo "2520"]
[BlackElo "2370"]
[PlyCount "92"]
[EventDate "1989.06.??"]
[Source "www.chesslib.no"]
[SourceDate "2004.05.04"]

1. e4 e5 2. Nf3 Nc6 3. Bb5 a6 4. Ba4 Nf6 5. O-O Be7 6. Re1 b5 7. Bb3 O-O 8. c3 d6 9. h3 a5 10. d3 a4 11. Bc2 Re8 12. Na3 Rb8 13. c4 b4 14. Nb1 b3 15. axb3 axb3 16. Bxb3 Nb4 17. Ba4 Nd7 18. Nc3 Rf8 19. d4 exd4 20. Nxd4 Ne5 21. b3 Bd7 22. Bxd7 Qxd7 23. Nd5 Ned3 24. Nf5 Nxd5 25. Qxd3 Bf6 26. Rb1 Nb4 27. Qd2 Qe6 28. f4 Rfe8 29. Bb2 h5 30. Re3 Nc6 31. Rbe1 Kf8 32. g4 g6 33. Bxf6 Qxf6 34. g5 Qh8 35. Nh6 Qd4 36. Qf2 Kg7 37. e5 Re6 38. exd6 Rxe3 39. Qxe3 cxd6 40. f5 Rxb3 41. f6+ Kh7 42. Qxd4 Nxd4 43. Re7 Nf3+ 44. Kg2 Nxg5 45. Nxf7 Nxf7 46. Rxf7+ Kg8 1/2-1/2

[Event "Chigorin mem open"]
[Site "?"]
[Date "1997.11.04"]
[Round "4"]
[White "Yagupov Igor"]
[Black "Zaitsev Igor A"]
[Result "1/2-1/2"]
[WhiteElo "2415"]
[BlackElo "2475"]
[PlyCount "41"]
[EventDate "1997.??.??"]
[Source "www.chesslib.no"]
[SourceDate "2004.05.04"]

1. e4 e5 2. Nf3 Nc6 3. Bb5 a6 4. Ba4 Nf6 5. O-O Be7 6. Re1 b5 7. Bb3 O-O 8. c3 d6 9. h3 a5 10. a4 b4 11. d4 bxc3 12. bxc3 exd4 13. cxd4 d5 14. Ne5 Ra6 15. Nxc6 Rxc6 16. exd5 Nxd5 17. Qf3 Bb7 18. Bxd5 Re6 19. Rxe6 Bxd5 20. Qd3 Bxe6 21. Ba3 1/2-1/2

[Event "Moscow RUS"]
[Site "?"]
[Date "1996.??.??"]
[Round "?"]
[White "Hatanbaatar Bazar"]
[Black "Zaitsev Igor A"]
[Result "1/2-1/2"]
[WhiteElo "2425"]
[BlackElo "2460"]
[PlyCount "32"]
[EventDate "1996.??.??"]
[Source "www.chesslib.no"]
[SourceDate "2004.05.04"]

1. e4 e5 2. Nf3 Nc6 3. Bb5 a6 4. Ba4 Nf6 5. O-O Be7 6. Re1 b5 7. Bb3 O-O 8. c3 d6 9. h3 a5 10. a4 b4 11. d4 bxc3 12. bxc3 exd4 13. cxd4 d5 14. exd5 Nxd5 15. Nbd2 Bf5 16. Ba3 Bxa3 1/2-1/2

[Event "Belgrade TS04 GM"]
[Site "Belgrade"]
[Date "2001.04.27"]
[Round "7"]
[White "Vuckovic, Bojan"]
[Black "Zivanic, Marko"]
[Result "1-0"]
[WhiteElo "2479"]
[BlackElo "2403"]
[PlyCount "79"]
[EventDate "2001.04.21"]
[Source "ChessBase"]
[SourceDate "2001.07.03"]

1. e4 e5 2. Nf3 Nc6 3. Bb5 a6 4. Ba4 Nf6 5. O-O Be7 6. Re1 b5 7. Bb3 d6 8. c3 O-O 9. h3 a5 10. d3 a4 11. Bc2 Be6 12. Nbd2 Re8 13. d4 Bd7 14. Nf1 h6 15. Ng3 Bf8 16. Be3 g6 17. Qd2 Kh7 18. Rad1 exd4 19. cxd4 d5 20. e5 Ng8 21. Bg5 Be7 22. Bxe7 Qxe7 23. h4 Kg7 24. h5 Nd8 25. Qd3 Qe6 26. hxg6 fxg6 27. Nh4 Ne7 28. Nh5+ gxh5 29. Qh7+ Kf8 30. Rd3 Qg8 31. Rf3+ Nf7 32. e6 Qxh7 33. Bxh7 Bxe6 34. Rxe6 Kg7 35. Bd3 a3 36. b4 Rab8 37. Rfe3 Kf8 38. Rxe7 Rxe7 39. Ng6+ Kg7 40. Nxe7 1-0

[Event "Benasque"]
[Site "?"]
[Date "1990.??.??"]
[Round "?"]
[White "Martin Gonzalez, A."]
[Black "Garcia_Palermo, C."]
[Result "1-0"]
[WhiteElo "2440"]
[BlackElo "2440"]
[PlyCount "63"]
[EventDate "1990.??.??"]
[Source "ChessBase"]
[SourceDate "1990.07.01"]

1. e4 e5 2. Nf3 Nc6 3. Bb5 a6 4. Ba4 Nf6 5. O-O Be7 6. Re1 b5 7. Bb3 d6 8. c3 O-O 9. h3 a5 10. d4 a4 11. Bc2 exd4 12. Nxd4 Nxd4 13. cxd4 d5 14. e5 Ne4 15. Nd2 Nxd2 16. Bxd2 Be6 17. Bh6 gxh6 18. Qd3 f5 19. exf6 Rxf6 20. Qxh7+ Kf8 21. Bg6 Rxg6 22. Qxg6 Bf7 23. Qxh6+ Kg8 24. Re3 Bh4 25. Rc1 b4 26. Rd1 Rb8 27. Rdd3 Rb6 28. Rg3+ Bxg3 29. Rxg3+ Rg6 30. Rxg6+ Bxg6 31. Qxg6+ Kh8 32. h4 1-0

[Event "Cappelle op 18th"]
[Site "Cappelle la Grande"]
[Date "2002.02.16"]
[Round "8"]
[White "Apicella, Manuel"]
[Black "Kotan, Ladislav"]
[Result "1-0"]
[WhiteElo "2520"]
[BlackElo "2350"]
[PlyCount "81"]
[EventDate "2002.02.09"]
[Source "ChessBase"]
[SourceDate "2002.03.14"]

1. e4 e5 2. Nf3 Nc6 3. Bb5 a6 4. Ba4 Nf6 5. O-O Be7 6. Re1 b5 7. Bb3 d6 8. c3 O-O 9. h3 a5 10. a4 b4 11. d4 bxc3 12. bxc3 exd4 13. Nxd4 Nxd4 14. cxd4 d5 15. e5 Ne4 16. Nd2 Bf5 17. Nxe4 Bxe4 18. Bc2 Bxc2 19. Qxc2 Qd7 20. Ba3 Ra6 21. Rec1 Rc8 22. Bxe7 Qxe7 23. Rab1 h6 24. Rb7 Rg6 25. Qf5 Re6 26. Rc5 Qd7 27. Qc2 Re7 28. Rxa5 f6 29. f4 fxe5 30. fxe5 Rf7 31. Rc5 Qd8 32. e6 Re7 33. Rc6 Qe8 34. Rcxc7 Rcxc7 35. Rxc7 Rxc7 36. Qxc7 Qxe6 37. a5 Kh7 38. Kh2 Qf6 39. Qb8 Qc6 40. Qb1+ Kh8 41. Qb6 1-0

[Event "JUG-chT"]
[Site "Herceg Novi"]
[Date "2001.05.??"]
[Round "9"]
[White "Marinkovic, Slavisa"]
[Black "Zivanic, Marko"]
[Result "1/2-1/2"]
[WhiteElo "2449"]
[BlackElo "2418"]
[PlyCount "57"]
[EventDate "2001.05.??"]
[Source "ChessBase"]
[SourceDate "2001.07.03"]

1. e4 e5 2. Nf3 Nc6 3. Bb5 a6 4. Ba4 Nf6 5. O-O Be7 6. Re1 b5 7. Bb3 d6 8. c3 O-O 9. h3 a5 10. d4 a4 11. Bc2 Bd7 12. Na3 Qb8 13. Bd3 exd4 14. Nxb5 dxc3 15. Nxc3 Ne5 16. Bc2 Nxf3+ 17. Qxf3 Re8 18. b3 axb3 19. Bxb3 Be6 20. Bxe6 fxe6 21. e5 dxe5 22. Rxe5 Bd6 23. Re2 Ra5 24. Bb2 Ba3 25. Bxa3 Rxa3 26. Qc6 Qb6 27. Qc4 Qa6 28. Qxa6 Rxa6 29. Nb5 1/2-1/2

[Event "Arnold Cup"]
[Site "Gausdal NOR"]
[Date "1990.??.??"]
[Round "9"]
[White "Winsnes, Rikard"]
[Black "Westerinen, Heikki M J"]
[Result "1/2-1/2"]
[WhiteElo "2385"]
[BlackElo "2475"]
[PlyCount "91"]
[EventDate "1990.??.??"]
[Source "www.chesslib.no"]
[SourceDate "2004.05.04"]

1. e4 e5 2. Nf3 Nc6 3. Bb5 a6 4. Ba4 Nf6 5. O-O Be7 6. Re1 b5 7. Bb3 d6 8. c3 O-O 9. h3 a5 10. d3 a4 11. Bc2 d5 12. exd5 Qxd5 13. c4 bxc4 14. Nc3 Qd6 15. Bxa4 Bb7 16. dxc4 Rfd8 17. Qxd6 cxd6 18. Bg5 Nb4 19. Red1 e4 20. Nd4 h6 21. Nf5 hxg5 22. Nxe7+ Kf8 23. Nf5 Nd3 24. Bc2 Nxb2 25. Rdb1 Bc8 26. Nxd6 Rxd6 27. Rxb2 Rd4 28. Bb3 Ba6 29. Rd1 Rxd1+ 30. Nxd1 Ke7 31. Ne3 g6 32. Kf1 Kd6 33. Ke1 Kc5 34. Rd2 Bb7 35. Kd1 Bc6 36. Kc2 Nd7 37. Nd5 Ra7 38. Kc3 Ba8 39. Nb4 f5 40. Nd5 Ne5 41. Nb4 Bb7 42. Rd8 Ra8 43. Rd2 Ra3 44. Rd8 Ra8 45. Rd2 Ra3 46. Rd8 1/2-1/2

[Event "Orel"]
[Site "Orel"]
[Date "1994.??.??"]
[Round "5"]
[White "Yagupov, Igor"]
[Black "Zaitsev, Igor A"]
[Result "0-1"]
[WhiteElo "2430"]
[BlackElo "2430"]
[PlyCount "71"]
[EventDate "1994.??.??"]
[Source "ChessBase"]

1. e4 e5 2. Nf3 Nc6 3. Bb5 a6 4. Ba4 Nf6 5. O-O Be7 6. Re1 b5 7. Bb3 d6 8. c3 O-O 9. h3 a5 10. d4 a4 11. Bc2 Bd7 12. Nbd2 Re8 13. Nf1 Bf8 14. Ng3 h6 15. Be3 a3 16. b3 exd4 17. Nxd4 d5 18. Nxb5 dxe4 19. Qb1 Nb4 20. cxb4 Bxb5 21. Bc5 e3 22. fxe3 Bxc5 23. bxc5 Re5 24. Qc1 Bc6 25. Re2 Nd5 26. Qd2 Qg5 27. Nf1 Rae8 28. Rae1 Qh4 29. Rf2 Qb4 30. Rc1 Qxd2 31. Rxd2 Nxe3 32. Nxe3 Rxe3 33. Bd3 R8e5 34. Bf1 Re1 35. Rxe1 Rxe1 36. Kf2 0-1

[Event "Vrnjacka Banja"]
[Site "Vrnjacka Banja YUG"]
[Date "1990.??.??"]
[Round "4"]
[White "Conquest, Stuart"]
[Black "Moutousis, Konstantinos"]
[Result "0-1"]
[WhiteElo "2465"]
[BlackElo "2390"]
[PlyCount "118"]
[EventDate "1990.04.??"]
[Source "www.chesslib.no"]
[SourceDate "2004.05.04"]

1. e4 e5 2. Nf3 Nc6 3. Bb5 a6 4. Ba4 Nf6 5. O-O Be7 6. Re1 b5 7. Bb3 O-O 8. c3 d6 9. h3 a5 10. a4 b4 11. Bc4 bxc3 12. dxc3 Be6 13. Na3 Kh8 14. Qc2 Qc8 15. Bg5 Ng8 16. Rad1 Bd7 17. Bd3 Bxg5 18. Nxg5 Qd8 19. Nf3 Qf6 20. Nh2 Nge7 21. Nc4 Ng6 22. Ne3 Nf4 23. Bf1 Qg6 24. Kh1 Qh5 25. Nd5 Nxd5 26. exd5 Nd8 27. f4 f6 28. Qf2 Nb7 29. Bb5 Bxb5 30. axb5 a4 31. b6 Nc5 32. bxc7 Qf7 33. fxe5 fxe5 34. Qh4 Qxc7 35. Nf3 Rf4 36. Qf2 Raf8 37. Qe3 Ne4 38. Kh2 Qb8 39. Re2 h6 40. Qd3 Nc5 41. Qc2 Qd8 42. Ne1 e4 43. g3 R4f7 44. Qd2 Qe8 45. Qe3 Rf1 46. Rdd2 Qf7 47. Rg2 Rf5 48. c4 Qf6 49. Rde2 Rf1 50. Rg1 Qf5 51. Rxf1 Qxf1 52. Rd2 Qxc4 53. g4 Qf1 54. g5 hxg5 55. Qxg5 Qxe1 56. Rg2 Rf7 57. Qd8+ Kh7 58. Qxd6 Qc1 59. Qd8 Qf4+ 0-1

[Event "Lenk"]
[Site "Lenk"]
[Date "1991.??.??"]
[Round "1"]
[White "Anka, Emil"]
[Black "Blatny, Pavel"]
[Result "0-1"]
[WhiteElo "2355"]
[BlackElo "2495"]
[PlyCount "76"]
[EventDate "1991.??.??"]
[Source "ChessBase"]

1. e4 e5 2. Nf3 Nc6 3. Bb5 a6 4. Ba4 Nf6 5. O-O Be7 6. Re1 b5 7. Bb3 O-O 8. c3 d6 9. h3 a5 10. d4 a4 11. Bc2 Bd7 12. Bd3 Qb8 13. Be3 exd4 14. cxd4 Nb4 15. Nc3 Nxd3 16. Qxd3 b4 17. e5 bxc3 18. exf6 Bxf6 19. bxc3 Qb5 20. c4 Qh5 21. Nd2 Bf5 22. Qc3 c5 23. Nf1 Qg6 24. Kh1 Bxh3 25. gxh3 Qe4+ 26. Kg1 cxd4 27. Bxd4 Qxd4 28. Qxd4 Bxd4 29. Rad1 Bc5 30. Nd2 f5 31. Nf3 Rfe8 32. Rxe8+ Rxe8 33. Nd4 g6 34. Nb5 Re2 35. Nxd6 Rxa2 36. Nb7 Bxf2+ 37. Kf1 Rb2 38. c5 a3 0-1

[Event "ch-BLR"]
[Site "?"]
[Date "2005.03.05"]
[Round "2"]
[White "Maljush Andrej"]
[Black "Kupreichik Viktor D"]
[Result "1-0"]
[WhiteElo "2413"]
[BlackElo "2437"]
[PlyCount "91"]
[EventDate "2005.??.??"]
[Source "www.chesslib.no"]
[SourceDate "2004.05.04"]

1. e4 e5 2. Nf3 Nc6 3. Bb5 a6 4. Ba4 Nf6 5. O-O Be7 6. Re1 b5 7. Bb3 O-O 8. c3 d6 9. h3 a5 10. d4 a4 11. Bc2 Re8 12. Na3 Ba6 13. d5 Na5 14. Bd3 Qd7 15. Nc2 c5 16. Ne3 g6 17. b4 axb3 18. axb3 Nxb3 19. Qxb3 c4 20. Bxc4 bxc4 21. Qc2 Bb5 22. Ba3 Bf8 23. Nd2 Rec8 24. Qb2 Bh6 25. Bxd6 Bxe3 26. fxe3 Qxd6 27. Qxb5 Rab8 28. Qa6 Qxa6 29. Rxa6 Rb2 30. Rd1 Kg7 31. d6 Rc2 32. Ra3 Rd8 33. Nxc4 Nxe4 34. Nxe5 Rxd6 35. Rd4 Rxc3 36. Ra7 Rxe3 37. Rxf7+ Kh6 38. Ng4+ Kg5 39. Rb4 Re1+ 40. Kh2 Nc3 41. Rxh7 Rdd1 42. Nf2 Rb1 43. Rc4 Nb5 44. Rf7 Kh5 45. Rc5+ g5 46. Rc6 1-0

[Event "Santa Clara"]
[Site "Santa Clara CUB"]
[Date "1990.??.??"]
[Round "11"]
[White "Henao, Raul Fernando"]
[Black "Arencibia, Walter"]
[Result "1/2-1/2"]
[WhiteElo "2400"]
[BlackElo "2425"]
[PlyCount "38"]
[EventDate "1990.02.??"]
[Source "www.chesslib.no"]
[SourceDate "2004.05.04"]

1. e4 e5 2. Nf3 Nc6 3. Bb5 a6 4. Ba4 Nf6 5. O-O Be7 6. Re1 b5 7. Bb3 d6 8. c3 O-O 9. h3 a5 10. a4 b4 11. d4 bxc3 12. Nxc3 Nxd4 13. Nxd4 exd4 14. Qxd4 Ba6 15. Bc4 Qd7 16. Bg5 h6 17. Bh4 Bxc4 18. Qxc4 Rfb8 19. Nb5 Ne8 1/2-1/2

[Event "Corr"]
[Site "?"]
[Date "2000.??.??"]
[Round "?"]
[White "Cavajda Ivan"]
[Black "De Groot Adriaan"]
[Result "1/2-1/2"]
[WhiteElo "2387"]
[BlackElo "2427"]
[PlyCount "103"]
[EventDate "2000.??.??"]
[Source "www.chesslib.no"]
[SourceDate "2004.05.04"]

1. e4 e5 2. Nf3 Nc6 3. Bb5 a6 4. Ba4 Nf6 5. O-O Be7 6. Re1 b5 7. Bb3 d6 8. c3 O-O 9. h3 a5 10. d4 a4 11. Bc2 Bd7 12. Bd3 Qb8 13. Na3 exd4 14. Nxb5 dxc3 15. Nxc3 a3 16. bxa3 Qd8 17. Nd5 Ne5 18. Rb1 Nxd5 19. exd5 Nxd3 20. Qxd3 Bf6 21. Bb2 c6 22. dxc6 Bxc6 23. Bxf6 Qxf6 24. Nd4 Bd5 25. Rbd1 Bxa2 26. Rd2 Bd5 27. Re3 Ra5 28. Nf5 Bc4 29. Qxc4 Rxf5 30. Qc6 h5 31. Qxd6 Rxf2 32. Qxf8+ Kxf8 33. Rxf2 Qd4 34. Ref3 f6 35. Kh1 Ke7 36. Rf1 Kd6 37. Rg3 Qa7 38. Re1 Kd5 39. Rd3+ Kc4 40. Red1 g5 41. Rd7 Qe3 42. Rc7+ Kb3 43. a4 Qe4 44. a5 g4 45. hxg4 hxg4 46. Rcd7 Qf5 47. R1d3+ Kc2 48. Rd2+ Kb1 49. Rd1+ Kb2 50. R1d2+ Kb1 51. Rd1+ Kb2 52. R1d2+ 1/2-1/2

[Event "Montpellier op-A"]
[Site "?"]
[Date "1999.??.??"]
[Round "2"]
[White "Bauer Christian"]
[Black "Nezar Mustapha"]
[Result "1/2-1/2"]
[WhiteElo "2528"]
[BlackElo "2275"]
[PlyCount "110"]
[EventDate "1999.??.??"]
[Source "www.chesslib.no"]
[SourceDate "2004.05.04"]

1. e4 e5 2. Nf3 Nc6 3. Bb5 a6 4. Ba4 Nf6 5. O-O Be7 6. Re1 b5 7. Bb3 O-O 8. c3 d6 9. h3 a5 10. d4 a4 11. Bc2 Bd7 12. Na3 Qb8 13. Bd3 exd4 14. cxd4 Nb4 15. Bf1 Qb7 16. d5 Na6 17. Nd4 b4 18. Nc4 Nc5 19. f3 Rfe8 20. Be3 Bf8 21. Bg5 Be7 22. Qd2 h6 23. Bf4 Nh5 24. Ne3 Bg5 25. Nef5 Kh8 26. Kh1 Bf6 27. Rac1 Rab8 28. Bxd6 cxd6 29. Nxd6 Qb6 30. e5 Bh4 31. Nxf7+ Kg8 32. e6 Bxe1 33. Rxe1 Nxe6 34. dxe6 Bxe6 35. Nxe6 Rxe6 36. Bc4 Rxe1+ 37. Qxe1 Kf8 38. Ne5 Rd8 39. Kh2 g5 40. Qe4 Qf6 41. Bd3 Qd6 42. f4 gxf4 43. Qxf4+ Nf6 44. Kh1 Ke7 45. Qe3 Nd5 46. Ng6+ Kd7 47. Bf5+ Kc6 48. Be4 Kb5 49. Bd3+ Kc6 50. Be4 Kb5 51. Bd3+ Kc6 52. Qa7 a3 53. bxa3 bxa3 54. Bc2 Nb4 55. Qg7 Re8 1/2-1/2

[Event "URS Ch sf"]
[Site "Moscow RUS"]
[Date "1989.??.??"]
[Round "?"]
[White "Lanka, Zigurds"]
[Black "Kozlov, V."]
[Result "1-0"]
[WhiteElo "2420"]
[BlackElo "2380"]
[PlyCount "81"]
[EventDate "1989.??.??"]
[Source "www.chesslib.no"]
[SourceDate "2004.05.04"]

1. e4 e5 2. Nf3 Nc6 3. Bb5 a6 4. Ba4 Nf6 5. O-O Be7 6. Re1 b5 7. Bb3 d6 8. c3 O-O 9. h3 a5 10. d3 Bd7 11. a4 b4 12. Nbd2 Rb8 13. Nc4 h6 14. cxb4 axb4 15. Be3 Ra8 16. Qc2 Na5 17. Nxa5 Rxa5 18. Nd2 c5 19. f4 exf4 20. Bxf4 Nh5 21. Bh2 Bh4 22. Rf1 Bg3 23. Nc4 Ra6 24. Bxg3 Nxg3 25. Rf3 Nh5 26. Ne3 Ra7 27. Raf1 Qg5 28. h4 Qxh4 29. Bxf7+ Rxf7 30. Rxf7 Ng3 31. R1f4 Qh5 32. Kf2 Bxa4 33. Rf8+ Kh7 34. Qc4 Qe2+ 35. Kxg3 Qxe3+ 36. Kh2 Qd4 37. Qg8+ Kg6 38. Qe6+ Kh7 39. Qf5+ g6 40. Qe6 Rg7 41. Qc8 1-0